000 01199nmc a2200397 a 4500
003 AR-BaBNM
005 20251128210954.0
008 032020s1999 ||||||||||||||000 | spa||
020 _a970-686-001-0
040 _cAR-BaBNM
100 1 _aHenson, Kenneth T.
245 1 0 _aPsicología educativa para la enseñanza eficaz
260 _aMexico, D.F.
_bInternational Thompson Editores
_c1999
300 0 _a554 p.
_bfot., il., gráfs.
490 0 _aCiencias sociales. Humanidades
500 1 _aContiene glosario, índice de autores e índice temático.
504 _aContiene referencias bibliográficas en p. 513.
650 4 _aPSICOLOGIA DE LA EDUCACION
650 4 _aESTUDIANTES
650 4 _aDESARROLLO COGNOSCITIVO
650 4 _aDESARROLLO DEL LENGUAJE
650 4 _aPSICOLOGIA EVOLUTIVA
650 4 _aDOCENCIA
650 4 _aTEORIAS DEL APRENDIZAJE
650 4 _aCONDUCTISMO
650 4 _aCREATIVIDAD
650 4 _aESTIMULACION
650 4 _aORGANIZACION ESCOLAR
650 4 _aEVALUACION
650 4 _aRELACION ALUMNO-DOCENTE
650 4 _aRELACION ESCUELA-COMUNIDAD
653 0 _aCONSTRUCTIVISMO
700 1 _aEller, Ben F.
942 _cBK
998 _ceugenia
999 _c17702
_d17702